000 00920nam a2200241Ia 4500
003 BUBTL
008 151213s9999 xx 000 0 und d
020 _a984ব3226372
041 _aবাংলা
082 _a340.5/ H7949i/ 2007
100 _aহোসেন, অধ্যক্ষ মোঃ আলতাফ
_95297
245 _aইসলামিক জুরিসপ্রুডেন্স ও মুসলিম আইন সহায়িকা/
_cঅধ্যক্ষ মোঃ আলতাফ হোসেন
250 _a৬ষ্ঠ সং
260 _aঢাকা
_bসিটি ল’ বুক্স
_cc2007
300 _a536p. :
_bill. ; 21 cm.
526 _aLaw
650 _aLaw
650 _a
700 _aঅধ্যক্ষ মোঃ আলতাফ হোসেন
_95412
856 _k0
_l0
_yDownload
942 _2ddc
_cBK
999 _c3428
_d3428